| 000 | 00428cam a2200181ua 4500 | ||
|---|---|---|---|
| 020 | _c1.20 | ||
| 041 |
_amal _h |
||
| 082 |
_a894.8121 _bNAR/KE |
||
| 100 | _aNarayanan Nair, N P . | ||
| 245 |
_aKetavilakkukal / _cN P Narayanan Nair. _hTextual Documents |
||
| 250 |
_a3 / _b. |
||
| 260 |
_a : _bSaraswathi Press , _c1949. |
||
| 300 | _a124 ; . | ||
| 365 | _a1.20 | ||
| 504 | _a | ||
| 942 | _cBK | ||
| 999 |
_c4802 _d4802 |
||